Bird & the Trumpets (Record no. 99103)
[ view plain ]
| 000 -LEADER | |
|---|---|
| fixed length control field | 03853njm a2200541Ia 4500 |
| 001 - CONTROL NUMBER | |
| control field | D0112 |
| 003 - CONTROL NUMBER IDENTIFIER | |
| control field | IT-RoPAU |
| 005 - DATE AND TIME OF LATEST TRANSACTION | |
| control field | 20220918181112.0 |
| 008 - FIXED-LENGTH DATA ELEMENTS--GENERAL INFORMATION | |
| fixed length control field | 131025s9999 xx 000 0 und d |
| 040 ## - CATALOGING SOURCE | |
| Original cataloging agency | IT-RoPAU |
| 040 ## - CATALOGING SOURCE | |
| Transcribing agency | IT-RoPAU |
| 999 ## - SYSTEM CONTROL NUMBERS (KOHA) | |
| Koha Dewey Subclass [OBSOLETE] | n.d. |
| 100 ## - MAIN ENTRY--PERSONAL NAME | |
| Personal name | AA.VV. |
| 9 (RLIN) | 794 |
| 100 ## - MAIN ENTRY--PERSONAL NAME | |
| Relator term | Autore musica |
| 9 (RLIN) | 30603 |
| 100 ## - MAIN ENTRY--PERSONAL NAME | |
| Miscellaneous information | Codice autore musica SPICS: 12000 |
| 9 (RLIN) | 796 |
| 245 ## - TITLE STATEMENT | |
| Title | Bird & the Trumpets |
| 250 ## - EDITION STATEMENT | |
| Edition statement | 2a ed. |
| 260 ## - PUBLICATION, DISTRIBUTION, ETC. (IMPRINT) | |
| Place of publication, distribution, etc. | MILANO |
| 260 ## - PUBLICATION, DISTRIBUTION, ETC. (IMPRINT) | |
| Name of publisher, distributor, etc. | RUSCONI |
| Date of publication, distribution, etc. | 1995 [1a Ed.:0] |
| 300 ## - PHYSICAL DESCRIPTION | |
| Extent | COMPACT DISC |
| 300 ## - PHYSICAL DESCRIPTION | |
| Dimensions | 75 minuti (Testo: 0 pag.) |
| 500 ## - GENERAL NOTE | |
| General note | Musica jazz. Cd fuori commercio allegato al n. 3 1995 della rivista "Musica jazz". |
| 505 ## - FORMATTED CONTENTS NOTE | |
| Formatted contents note | Shaw 'Nuff (5:99) - Groovin' High [(Los Angeles, 29 dicembre 1945) (6:00)] - Hot House [(New York, 13 settembre 1947) (6:00)] - On A Slot Boat To China (6:00) - Salt Peanuts [(New York, Waldorf Astoria Hotel 11 o 12 dicembre 1948) (4:00)] - Barbados [(New York, 5 marzo 1949) (4:00)] - Just Friends [(New York, 1950) (4:00)] - April In Paris [(New York, 1950) (4:00)] - Ornithology (5:00) - Bird of Paradise (7:00) - Koko [(New York, 24 dicembre 1949) (6:00)] - Out of Nowhere (7:00) - Move [(New York, maggio o giugno 1950) (7:00)] - Indiana [(Englewood, 16 giugno 1952) (12:00)] |
| 511 ## - PARTICIPANT OR PERFORMER NOTE | |
| Participant or performer note | Gillespie Dizzy: tr; Parker Charlie: alto; Haig Al: p; Brown Ray: cb; Levey Stan: batt; Dizzy Gillespie e Charlie Parker Quintet |
| 511 ## - PARTICIPANT OR PERFORMER NOTE | |
| Participant or performer note | Gillespie Dizzy: tr; Parker Charlie: alto; La Porta John: cl; Tristano Lennie: p; Bauer Billy: chit; Brown Ray: cb; Roach Max: batt; Barry Ulanov's All Star Modern Jazz Musicians |
| 511 ## - PARTICIPANT OR PERFORMER NOTE | |
| Participant or performer note | Dorham Kenny: tr; Parker Charlie: alto; Thompson Lucky: ten; Haig Al: p; Potter Tommy: cb; Roach Max: batt; Charlie Parker Sextet |
| 511 ## - PARTICIPANT OR PERFORMER NOTE | |
| Participant or performer note | Dorham Kenny: tr; Parker Charlie: alto; Haig Al: p; Potter Tommy: cb; Haynes Roy: batt; Charlie Parker Quintet |
| 511 ## - PARTICIPANT OR PERFORMER NOTE | |
| Participant or performer note | Rodney Red: tr; Parker Charlie: alto; Haig Al: p; Potter Tommy: cb; Heaynes Roy: batt; Charlie Parker Quintet |
| 511 ## - PARTICIPANT OR PERFORMER NOTE | |
| Participant or performer note | Navarro Fats: tr; Parker Charlie: alto; Powell Bud: p; Russell Curley: cb; Blakey Art: batt |
| 511 ## - PARTICIPANT OR PERFORMER NOTE | |
| Participant or performer note | Baker Chet: tr; Criss Sonny: alto; Parker Charlie: alto; Freeman Russ: p; Babasin Harry: cb; Marable Lawrence: batt; Harry Babasin All Stars |
| 650 ## - SUBJECT ADDED ENTRY--TOPICAL TERM | |
| Topical term or geographic name as entry element | JAZZ [COMPACT DISC] |
| Relator term | Codice MATERIA SPICS: 9949 |
| 9 (RLIN) | 11822 |
| 700 ## - ADDED ENTRY--PERSONAL NAME | |
| Personal name | Parker Charlie (B.) |
| Relator term | Interprete |
| Miscellaneous information | Codice interprete SPICS: 10799 |
| 9 (RLIN) | 30604 |
| 700 ## - ADDED ENTRY--PERSONAL NAME | |
| Personal name | Gillespie Dizzy |
| Relator term | Autore musica |
| Miscellaneous information | Codice autore musica SPICS: 10777 |
| Name of part/section of a work | Shaw 'Nuff - Groovin' High - Salt Peanuts |
| 9 (RLIN) | 30605 |
| 700 ## - ADDED ENTRY--PERSONAL NAME | |
| Personal name | Dameron Tadd |
| Relator term | Autore musica |
| Miscellaneous information | Codice autore musica SPICS: 10526 |
| Name of part/section of a work | Hot House |
| 9 (RLIN) | 30606 |
| 700 ## - ADDED ENTRY--PERSONAL NAME | |
| Personal name | Loesser Frank |
| Relator term | Autore musica |
| Miscellaneous information | Codice autore musica SPICS: 15672 |
| Name of part/section of a work | On A Slot Boat To China |
| 9 (RLIN) | 30607 |
| 700 ## - ADDED ENTRY--PERSONAL NAME | |
| Personal name | Parker Charlie (B.) |
| Relator term | Autore musica |
| Miscellaneous information | Codice autore musica SPICS: 10799 |
| Name of part/section of a work | Barbados - Ornithology - Bird of Paradise - Koko |
| 9 (RLIN) | 30608 |
| 700 ## - ADDED ENTRY--PERSONAL NAME | |
| Personal name | Lewis S.M. |
| Relator term | Autore musica |
| Miscellaneous information | Codice autore musica SPICS: 43278 |
| Name of part/section of a work | Just Friends |
| 9 (RLIN) | 30609 |
| 700 ## - ADDED ENTRY--PERSONAL NAME | |
| Personal name | Klenner J. |
| Relator term | Autore |
| Miscellaneous information | Codice autore SPICS: 43279 |
| Name of part/section of a work | Just Friends |
| 9 (RLIN) | 30610 |
| 700 ## - ADDED ENTRY--PERSONAL NAME | |
| Personal name | Duke Vernon |
| Relator term | Autore musica |
| Miscellaneous information | Codice autore musica SPICS: 16363 |
| Name of part/section of a work | April In Paris |
| 9 (RLIN) | 30611 |
| 700 ## - ADDED ENTRY--PERSONAL NAME | |
| Personal name | Harburg E. Y. |
| Relator term | Autore |
| Miscellaneous information | Codice autore SPICS: 15671 |
| Name of part/section of a work | April In Paris |
| 9 (RLIN) | 30612 |
| 700 ## - ADDED ENTRY--PERSONAL NAME | |
| Personal name | Harris Benny |
| Relator term | Autore musica |
| Miscellaneous information | Codice autore musica SPICS: 43280 |
| Name of part/section of a work | Ornithology |
| 9 (RLIN) | 30613 |
| 700 ## - ADDED ENTRY--PERSONAL NAME | |
| Personal name | Green J. |
| Relator term | Autore musica |
| Miscellaneous information | Codice autore musica SPICS: 43281 |
| Name of part/section of a work | Out of Nowhere |
| 9 (RLIN) | 30614 |
| 700 ## - ADDED ENTRY--PERSONAL NAME | |
| Personal name | Heyman Edward |
| Relator term | Autore |
| Miscellaneous information | Codice autore SPICS: 15566 |
| Name of part/section of a work | Out of Nowhere |
| 9 (RLIN) | 30615 |
| 700 ## - ADDED ENTRY--PERSONAL NAME | |
| Personal name | Best Denzil |
| Relator term | Autore musica |
| Miscellaneous information | Codice autore musica SPICS: 24586 |
| Name of part/section of a work | Move |
| 9 (RLIN) | 30616 |
| 700 ## - ADDED ENTRY--PERSONAL NAME | |
| Personal name | Hanley James F. |
| Relator term | Autore musica |
| Miscellaneous information | Codice autore musica SPICS: 33425 |
| Name of part/section of a work | Indiana |
| 9 (RLIN) | 30617 |
| 700 ## - ADDED ENTRY--PERSONAL NAME | |
| Personal name | MacDonald |
| Relator term | Autore |
| Miscellaneous information | Codice autore SPICS: 30294 |
| Name of part/section of a work | Indiana |
| 9 (RLIN) | 30618 |
| 942 ## - ADDED ENTRY ELEMENTS (KOHA) | |
| Koha item type | CD AUDIO |
| Source of classification or shelving scheme | Dewey Decimal Classification |
| Withdrawn status | Lost status | Damaged status | Not for loan | Home library | Current library | Date acquired | Total Checkouts | Full call number | Date last seen | Price effective from | Koha item type | Public note |
|---|---|---|---|---|---|---|---|---|---|---|---|---|
| Buone Condizioni | Not For Loan | SPICS-MEDIATECA | SPICS-MEDIATECA | 25/10/2013 | D0112 | 25/10/2013 | 25/10/2013 | CD AUDIO | Progr. Ins.: 1703 / N.Vol.: 1 / Copie: 1 - Copia rara: n.d. / date import: 01.01.2014 - By Epidotti, Trombetti, Vaglietti |